[Event "40th Pan-American U20"]
[Site "El Salvador ESA"]
[Date "2015.07.17"]
[Round "2.16"]
[White "Colorado, Efrain"]
[Black "Rodriguez, Wilfredo"]
[Result "1-0"]
[WhiteElo "1841"]
[BlackElo "1631"]
[EventDate "2015.07.16"]
[PlyCount "47"]

1.e4 e5 2.Nf3 Nc6 3.Bb5 a6 4.Ba4 Nf6 5.O-O b5 6.Bb3 Bc5 7.Qe2 d6 8.c3 Be6 
9.Bc2 O-O 10.d3 Qe7 11.h3 h6 12.Rd1 d5 13.Nbd2 Rad8 14.Nb3 dxe4 15.dxe4 
Bc4 16.Qe1 Rxd1 17.Bxd1 Bb6 18.Bc2 Rd8 19.Be3 Bd3 20.Rc1 Rd7 21.Bxd3 Rxd3 
22.Qe2 Qd6 23.Bxb6 cxb6 24.Ne1 1-0

[Event "40th Pan-American U20"]
[Site "El Salvador ESA"]
[Date "2015.07.17"]
[Round "2.18"]
[White "Melara, Moises"]
[Black "Lemus, Hector"]
[Result "0-1"]
[WhiteElo "1772"]
[BlackElo "1616"]
[EventDate "2015.07.16"]
[PlyCount "142"]

1.e4 c5 2.d3 Nc6 3.f4 g6 4.Nf3 Bg7 5.g3 Nf6 6.Bg2 e6 7.Nbd2 O-O 8.c3 d5 9.
e5 Ne8 10.d4 cxd4 11.cxd4 f6 12.Nb3 b6 13.O-O Ba6 14.Rf2 Bc4 15.Bd2 Nc7 
16.Bc3 Nb5 17.Nfd2 Bxb3 18.Nxb3 fxe5 19.dxe5 Rc8 20.Rd2 Rf7 21.a4 Nc7 22.
Qg4 Qd7 23.Rad1 Ne7 24.Nd4 Nf5 25.Qe2 Qxa4 26.Nxe6 Nxe6 27.Bxd5 Re7 28.g4 
Nh6 29.Rd4 Qe8 30.Bb4 Rec7 31.Bb3 Nf7 32.Re4 a5 33.Bd6 Rc1 34.Kf2 Rxd1 35.
Qxd1 Rd8 36.Qd5 Nc5 37.Re3 Nxb3 38.Qxb3 Rxd6 39.exd6 Bd4 40.h3 Qxe3+ 41.
Qxe3 Bxe3+ 42.Kxe3 Nxd6 43.Kd4 Kf7 44.Kd5 Ke7 45.Kc6 b5 46.Kd5 a4 47.Kc5 
h5 48.f5 hxg4 49.hxg4 g5 50.Kd5 b4 51.Kd4 a3 52.bxa3 bxa3 53.Kc3 Kf6 54.
Kb3 Ke5 55.Kxa3 Kf4 56.Kb4 Kxg4 57.f6 Kf5 58.Kc3 Kxf6 59.Kd2 Kf5 60.Ke1 
Kf4 61.Kf2 g4 62.Kg2 g3 63.Kg1 Kf3 64.Kf1 g2+ 65.Kg1 Nb5 66.Kh2 Kf2 67.Kh3
g1=Q 68.Kh4 Kf3 69.Kh5 Kf4 70.Kh6 Qg8 71.Kh5 Qg5# 0-1

[Event "40th Pan-American U20"]
[Site "El Salvador ESA"]
[Date "2015.07.17"]
[Round "3.1"]
[White "Lopez Gonzalez, Abel Fabian"]
[Black "Escalante Ramirez, Brian Sebas"]
[Result "1-0"]
[WhiteElo "2251"]
[BlackElo "2389"]
[EventDate "2015.07.16"]
[PlyCount "38"]

1.b3 Nf6 2.Bb2 g6 3.e3 Bg7 4.c4 O-O 5.Nc3 e5 6.g3 d5 7.d3 d4 8.exd4 exd4 
9.Nce2 c5 10.b4 Nc6 11.bxc5 Bf5 12.Qd2 Ng4 13.h3 Ne3 14.Nf4 g5 15.Nh5 Nxf1
16.Kxf1 Bh8 17.h4 f6 18.g4 Bg6 19.Ng3 Ne5 1-0

[Event "40th Pan-American U20"]
[Site "El Salvador ESA"]
[Date "2015.07.17"]
[Round "3.2"]
[White "Arias, Daniel"]
[Black "Cori Quispe, Kevin"]
[Result "0-1"]
[WhiteElo "2242"]
[BlackElo "2369"]
[EventDate "2015.07.16"]
[PlyCount "129"]

1.e4 c5 2.Nf3 e6 3.d4 cxd4 4.Nxd4 Nc6 5.Nc3 Qc7 6.g3 a6 7.Bg2 Nge7 8.Nb3 
Ng6 9.O-O Be7 10.f4 d6 11.Be3 O-O 12.a4 b6 13.Qe2 Rb8 14.h4 Bf6 15.h5 Nge7
16.Nd1 Re8 17.g4 g6 18.hxg6 fxg6 19.c3 Bg7 20.Rf3 Rf8 21.Qf2 g5 22.fxg5 
Bd7 23.Nd4 Ne5 24.Rxf8+ Rxf8 25.Qg3 Nc4 26.Bc1 Ng6 27.b3 Na5 28.Nf2 Be5 
29.Qd3 Nf4 30.Bxf4 Rxf4 31.Rb1 Bc8 32.Ne2 Rf8 33.Qe3 Nc6 34.Nd3 Bg7 35.Rc1
Bd7 36.Nef4 Ne5 37.Nxe5 Bxe5 38.Ne2 Qc5 39.Qxc5 bxc5 40.Rc2 Kg7 41.Nc1 Bf4
42.Bf1 a5 43.Bc4 Be3+ 44.Kg2 Bc6 45.Bd3 Bxg5 46.Ne2 Rb8 47.Ng3 d5 48.Rb2 
c4 49.Bc2 Bxa4 50.exd5 Bxb3 51.dxe6 a4 52.Bb1 a3 53.Rf2 Rb7 54.Nf5+ Kg8 
55.Re2 Bd1 56.e7 Bxe7 57.Nxe7+ Kf7 58.Rf2+ Kxe7 59.Bxh7 Bxg4 60.Bg8 Be6 
61.Bh7 Kd6 62.Be4 Rb2 63.Rxb2 axb2 64.Kf2 Ke5 65.Kf3 0-1

[Event "40th Pan-American U20"]
[Site "El Salvador ESA"]
[Date "2015.07.17"]
[Round "3.3"]
[White "Tang, Andrew"]
[Black "Johnson, Joshua"]
[Result "1/2-1/2"]
[WhiteElo "2365"]
[BlackElo "2211"]
[EventDate "2015.07.16"]
[PlyCount "97"]

1.d4 d5 2.c4 c6 3.Nf3 Nf6 4.e3 Bg4 5.Nc3 Nbd7 6.h3 Bh5 7.g4 Bg6 8.Nh4 e6 
9.Nxg6 hxg6 10.Bd2 dxc4 11.Bxc4 Nb6 12.Bb3 Be7 13.Qf3 Qc7 14.O-O-O c5 15.
dxc5 Qxc5 16.h4 a5 17.a3 a4 18.Ba2 Nfd7 19.g5 Ne5 20.Qe2 Nbc4 21.f4 Nxb2 
22.fxe5 Nxd1 23.Kxd1 Qxa3 24.Qb5+ Kf8 25.Qxb7 Rd8 26.Ke2 Kg8 27.Qc7 Bxg5 
28.Bc1 Qe7 29.Qxe7 Bxe7 30.Nxa4 Ra8 31.Bb3 Ra5 32.Bb2 Rh5 33.Bc2 Rxh4 34.
Rxh4 Bxh4 35.Kf3 Bd8 36.Bd4 Bc7 37.Ke4 Bxe5 38.Bxe5 f5+ 39.Kf4 g5+ 40.Kxg5
Rxe5 41.Kf4 Rb5 42.Bd1 Kf7 43.Nc3 Rb4+ 44.Kg5 Rc4 45.Bh5+ g6 46.Bxg6+ Kg7 
47.Bxf5 exf5 48.Nd5 Rc5 49.Ne7 1/2-1/2

[Event "40th Pan-American U20"]
[Site "El Salvador ESA"]
[Date "2015.07.17"]
[Round "3.4"]
[White "Jimenez Garcia, Emmanuel"]
[Black "Chavez Estevez, Hayler David"]
[Result "0-1"]
[WhiteElo "2210"]
[BlackElo "2347"]
[EventDate "2015.07.16"]
[PlyCount "68"]

1.d4 Nf6 2.c4 e6 3.Nf3 b6 4.g3 Bb7 5.Bg2 c5 6.d5 exd5 7.Nh4 g6 8.cxd5 Bg7 
9.Nc3 O-O 10.O-O d6 11.e4 Na6 12.Re1 Nc7 13.a4 a6 14.Bf1 Re8 15.f3 Qd7 16.
Be3 b5 17.Qb3 b4 18.Nd1 a5 19.Bc4 Qd8 20.Bf2 Nd7 21.Ne3 Nb6 22.Ra2 Bd4 23.
Nhg2 Qf6 24.Be2 Ba6 25.Ng4 Bxf2+ 26.Kxf2 Qg7 27.N4e3 Rab8 28.Bxa6 Nxa6 29.
Re2 c4 30.Qd1 Nc5 31.Ne1 Rec8 32.g4 b3 33.Ra3 Ncxa4 34.Qa1 c3 0-1

[Event "40th Pan-American U20"]
[Site "El Salvador ESA"]
[Date "2015.07.17"]
[Round "3.5"]
[White "Benedetti, Julio"]
[Black "Puppi Lazo, Jorge Luis"]
[Result "1/2-1/2"]
[WhiteElo "2313"]
[BlackElo "2111"]
[EventDate "2015.07.16"]
[PlyCount "87"]

1.e4 c5 2.Nf3 e6 3.d4 cxd4 4.Nxd4 Nf6 5.Nc3 Nc6 6.Ndb5 Bb4 7.a3 Bxc3+ 8.
Nxc3 d5 9.exd5 Nxd5 10.Bd2 O-O 11.Bd3 e5 12.O-O Nxc3 13.Bxc3 Qg5 14.Qf3 
Qg4 15.Qxg4 Bxg4 16.f3 Bh5 17.Be4 Bg6 18.Rad1 Rfd8 19.Kf2 f6 20.h4 Rxd1 
21.Rxd1 Rd8 22.Re1 Kf7 23.Ke3 Rd7 24.g4 h5 25.gxh5 Bxh5 26.f4 exf4+ 27.
Kxf4 Bg6 28.Bxg6+ Kxg6 29.Kg4 Kf7 30.Rf1 a6 31.h5 Ke6 32.h6 gxh6 33.Rxf6+ 
Kd5 34.Rxh6 Nd4 35.Rh5+ Ke4 36.Bxd4 Kxd4 37.Rh3 Rc7 38.Rh2 Rf7 39.Kg5 Ke3 
40.Kg6 Rf1 41.Rh3+ Kd2 42.Rb3 b5 43.Rc3 Rb1 44.Rc6 1/2-1/2

[Event "40th Pan-American U20"]
[Site "El Salvador ESA"]
[Date "2015.07.17"]
[Round "3.6"]
[White "Hernandez Sanchez, Jairo Andre"]
[Black "Giron, Jorge Ernesto"]
[Result "1-0"]
[WhiteElo "2381"]
[BlackElo "2223"]
[EventDate "2015.07.16"]
[PlyCount "83"]

1.e4 c5 2.Nf3 d6 3.d4 cxd4 4.Nxd4 Nf6 5.Nc3 a6 6.h3 e5 7.Nde2 h6 8.g4 Be6 
9.Bg2 Nbd7 10.O-O Rc8 11.Be3 Be7 12.Qd2 O-O 13.Ng3 Nb6 14.b3 Qc7 15.Nd5 
Nbxd5 16.exd5 Bd7 17.c4 b5 18.Rfc1 bxc4 19.bxc4 Rb8 20.Bf1 Nh7 21.Bd3 Ng5 
22.Kg2 e4 23.Nxe4 Nxe4 24.Bxe4 f5 25.Bf3 Qc8 26.Qe2 h5 27.Rab1 Rxb1 28.
Rxb1 hxg4 29.hxg4 fxg4 30.Be4 Bh4 31.Rh1 g5 32.Qc2 Bf5 33.Bd4 Qd7 34.Re1 
g3 35.Bxf5 gxf2 36.Re6 Qf7 37.Rf6 Qh5 38.Bh7+ Kg7 39.Rxf8+ Kxf8 40.Qf5+ 
Ke7 41.Qf6+ Kd7 42.Bf5+ 1-0

[Event "40th Pan-American U20"]
[Site "El Salvador ESA"]
[Date "2015.07.17"]
[Round "3.7"]
[White "Ampie, Mauro"]
[Black "Santiago Vilca, Christian"]
[Result "1-0"]
[WhiteElo "2193"]
[BlackElo "1922"]
[EventDate "2015.07.16"]
[PlyCount "105"]

1.e4 c5 2.Nc3 Nc6 3.f4 g6 4.Nf3 Bg7 5.Be2 e6 6.d4 cxd4 7.Nb5 d6 8.Nfxd4 
Nxd4 9.Nxd4 a6 10.Be3 Ne7 11.Qd2 d5 12.e5 f6 13.exf6 Bxf6 14.O-O-O Nc6 15.
Nf3 Qe7 16.h4 h5 17.Bd3 Qg7 18.c3 b5 19.Rhg1 b4 20.c4 b3 21.a3 Bb7 22.cxd5
Ne7 23.dxe6 O-O 24.Kb1 Rfd8 25.Qe2 Nd5 26.Bc1 Qe7 27.Ne5 Qxe6 28.g4 Rac8 
29.Bf5 Qe7 30.Bxc8 Rxc8 31.gxh5 Rxc1+ 32.Rxc1 Nxf4 33.Qc4+ Nd5 34.Nxg6 Qd6
35.Qxb3 Qb6 36.Qxb6 Nxb6 37.Rge1 Bd5 38.Ne7+ Kf7 39.Nxd5 Nxd5 40.Rc4 Kg7 
41.Rg1+ Kf7 42.Rf1 Kg7 43.Rg4+ Kh7 44.Rxf6 Nxf6 45.Rg5 Ne4 46.b4 Nc3+ 47.
Kc2 Nb5 48.Rxb5 axb5 49.a4 bxa4 50.b5 Kh6 51.b6 Kxh5 52.b7 Kxh4 53.b8=Q 
1-0

[Event "40th Pan-American U20"]
[Site "El Salvador ESA"]
[Date "2015.07.17"]
[Round "3.8"]
[White "Ortiz Perez, Carlos"]
[Black "Husbands, Orlando"]
[Result "0-1"]
[WhiteElo "1901"]
[BlackElo "2234"]
[EventDate "2015.07.16"]
[PlyCount "74"]

1.e4 c5 2.Nf3 d6 3.d4 cxd4 4.Nxd4 Nf6 5.Nc3 g6 6.Nb3 Bg7 7.Be3 Nc6 8.f3 
O-O 9.Qd2 Be6 10.O-O-O a6 11.g4 b5 12.h4 h5 13.gxh5 Nxh5 14.Rg1 Rc8 15.Nd4
Kh7 16.Kb1 Qa5 17.Nxe6 fxe6 18.Qg2 Ne5 19.Bd4 Nf4 20.Qg3 Qc7 21.a3 Rf7 22.
Bh3 Rg8 23.Bg4 Nc4 24.Bxe6 Nxa3+ 25.bxa3 Bxd4 26.Bxf7 Qxc3 27.Bxg8+ Kxg8 
28.Rxd4 Qxd4 29.h5 e5 30.Qg4 Qc5 31.hxg6 b4 32.Qg5 Ne6 33.Qg4 Nd4 34.Rg2 
bxa3 35.c3 Qxc3 36.Qd7 Qd3+ 37.Ka2 Qc4+ 0-1

[Event "40th Pan-American U20"]
[Site "El Salvador ESA"]
[Date "2015.07.17"]
[Round "3.9"]
[White "De Leon, Gabriel"]
[Black "Singh, Vishnu"]
[Result "0-1"]
[WhiteElo "1804"]
[BlackElo "2200"]
[EventDate "2015.07.16"]
[PlyCount "114"]

1.e4 c5 2.Nf3 d6 3.d4 cxd4 4.Nxd4 Nf6 5.Nc3 a6 6.Bg5 e6 7.f4 Qb6 8.Qd2 
Qxb2 9.Nb3 Qa3 10.Bxf6 gxf6 11.Be2 h5 12.Bf3 Qb4 13.O-O Nc6 14.Rab1 Be7 
15.Qe3 Bd8 16.Kh1 Qb6 17.Qd3 Qc7 18.Nd2 b5 19.Rfe1 Be7 20.Nb3 Bd7 21.Ne2 
Rc8 22.Rec1 Nb4 23.Qd2 Nxa2 24.Rd1 Nc3 25.Nxc3 Qxc3 26.Ra1 Qxd2 27.Rxd2 
Rc6 28.Nd4 Rb6 29.Kg1 h4 30.Nb3 O-O 31.Rd3 Rc8 32.Rc1 Rbc6 33.Nd4 Rc3 34.
Rxc3 Rxc3 35.Ne2 Rc4 36.c3 a5 37.Ra1 a4 38.Rb1 Bd8 39.Kf1 Ba5 40.Nd4 Bxc3 
41.Nxb5 Bxb5 42.Rxb5 Rc8 43.Bd1 Ra8 44.Rb6 a3 45.Bb3 a2 46.Bxa2 Rxa2 47.
Rxd6 Kg7 48.Rd3 Bd2 49.f5 e5 50.Ke2 Bf4+ 51.Kf3 Bxh2 52.Ke3 Bg3 53.Rd2 
Rxd2 54.Kxd2 Kh6 55.Ke3 Kg5 56.Kf3 Bh2 57.Ke3 Kg4 0-1

[Event "40th Pan-American U20"]
[Site "El Salvador ESA"]
[Date "2015.07.17"]
[Round "3.10"]
[White "Mendez, Alan Steven"]
[Black "Squella Lavin, Carlos Felipe"]
[Result "1/2-1/2"]
[WhiteElo "1744"]
[BlackElo "2183"]
[EventDate "2015.07.16"]
[PlyCount "109"]

1.e4 e6 2.d4 d5 3.e5 c5 4.c3 Qb6 5.Nf3 Nc6 6.a3 f6 7.b4 cxd4 8.cxd4 Bd7 9.
Nc3 a6 10.Bf4 fxe5 11.dxe5 Nge7 12.Bd3 g6 13.Na4 Qc7 14.Nc5 Bg7 15.Nxd7 
Qxd7 16.O-O O-O 17.Qd2 Nf5 18.Bxf5 Rxf5 19.Rae1 Raf8 20.g3 Qe7 21.Qe3 Qd8 
22.Rd1 h6 23.h4 R8f7 24.Kg2 Bf8 25.Nd4 g5 26.hxg5 hxg5 27.Nxe6 gxf4 28.
gxf4 Rg7+ 29.Kf3 Qh4 30.Nxg7 Nxe5+ 31.Kg2 Bxg7 32.Rxd5 Rxf4 33.Rxe5 Qg4+ 
34.Kh2 Qh4+ 35.Kg2 Qg4+ 36.Kh2 Qh4+ 37.Kg2 Qg4+ 38.Kh2 Bxe5 39.Qxe5 Qh4+ 
40.Kg2 Qg4+ 41.Kh2 Qh4+ 42.Kg2 Qg4+ 43.Kh2 Rf5 44.Qg3 Qxg3+ 45.Kxg3 Rd5 
46.Re1 Kf7 47.Kf4 Kf6 48.Re8 a5 49.Rb8 axb4 50.Rxb7 bxa3 51.Rb6+ Ke7 52.
Ra6 Rd3 53.Ke4 Rd2 54.Ke3 Ra2 55.Kd4 1/2-1/2

[Event "40th Pan-American U20"]
[Site "El Salvador ESA"]
[Date "2015.07.17"]
[Round "3.11"]
[White "Carrera Gonzalez, Enmanuel"]
[Black "Colorado, Efrain"]
[Result "1-0"]
[WhiteElo "2171"]
[BlackElo "1841"]
[EventDate "2015.07.16"]
[PlyCount "70"]

1.e4 e5 2.Nf3 Nc6 3.Bb5 Nf6 4.Qe2 a6 5.Ba4 b5 6.Bb3 d6 7.c3 Be7 8.h3 O-O 
9.O-O Na5 10.Bc2 c5 11.Rd1 Qc7 12.d3 Nc6 13.Nbd2 Re8 14.Nf1 d5 15.Bg5 d4 
16.Ng3 h6 17.Bd2 Nd8 18.Nh4 Ne6 19.Ngf5 Bf8 20.Qf3 g5 21.Qg3 Kh7 22.Nf3 
Nh5 23.Qxe5 Qd8 24.Qh2 Nef4 25.Ng3 Bd6 26.Re1 Bb7 27.cxd4 cxd4 28.Nxd4 
Nxd3 29.e5 Bxe5 30.Bxd3+ Kg8 31.Rxe5 Rxe5 32.Nxh5 Rd5 33.Be3 Rxd4 34.Qe5 
f6 35.Nxf6+ Kf7 1-0

[Event "40th Pan-American U20"]
[Site "El Salvador ESA"]
[Date "2015.07.17"]
[Round "3.12"]
[White "Valencia, Oscar"]
[Black "Solano Cuya, Bryan"]
[Result "0-1"]
[WhiteElo "1728"]
[BlackElo "2149"]
[EventDate "2015.07.16"]
[PlyCount "58"]

1.d4 Nf6 2.c4 g6 3.Nc3 d5 4.cxd5 Nxd5 5.e4 Nxc3 6.bxc3 Bg7 7.Bc4 c5 8.Be3 
Nc6 9.Ne2 O-O 10.O-O Na5 11.Bd3 cxd4 12.cxd4 b6 13.Rc1 Bb7 14.f3 e6 15.Qd2
Qd7 16.Rc3 Rac8 17.Rfc1 Rxc3 18.Rxc3 Nc6 19.Bb1 Rd8 20.Rd3 Ba6 21.Ra3 Bxe2
22.Qxe2 Bxd4 23.Rd3 Bxe3+ 24.Qxe3 Nd4 25.Qd2 Qb5 26.Bc2 Qc5 27.Kf1 Qc4 28.
Kg1 Qxa2 29.Qc3 Ne2+ 0-1

[Event "40th Pan-American U20"]
[Site "El Salvador ESA"]
[Date "2015.07.17"]
[Round "3.13"]
[White "Lopez Raygoza, Luis Albert"]
[Black "Pinto, Alejandro"]
[Result "1-0"]
[WhiteElo "2138"]
[BlackElo "1728"]
[EventDate "2015.07.16"]
[PlyCount "41"]

1.e4 c5 2.Nf3 Nc6 3.Bb5 g6 4.Bxc6 bxc6 5.O-O Bg7 6.Re1 e6 7.Nc3 Ne7 8.e5 
O-O 9.Ne4 Qb6 10.b3 Nf5 11.Ba3 Rd8 12.Bxc5 Qb7 13.d4 Bf8 14.Bxf8 Rxf8 15.
Qd2 Kg7 16.Qg5 Qc7 17.g4 Nh6 18.Nf6 Qd8 19.Nh5+ Kg8 20.Qxh6 gxh5 21.Ng5 
1-0

[Event "40th Pan-American U20"]
[Site "El Salvador ESA"]
[Date "2015.07.17"]
[Round "3.14"]
[White "Guzman, Oswaldo"]
[Black "Munoz, Randall"]
[Result "0-1"]
[WhiteElo "2066"]
[BlackElo "1706"]
[EventDate "2015.07.16"]
[PlyCount "62"]

1.e4 c5 2.Nf3 d6 3.d4 cxd4 4.Nxd4 Nf6 5.Nc3 a6 6.Bc4 e6 7.Bb3 Nbd7 8.O-O 
Nc5 9.Qf3 Qc7 10.Re1 b5 11.Nd5 exd5 12.exd5+ Be7 13.Nc6 Ng8 14.Qc3 Kf8 15.
Bf4 Nb7 16.h4 h5 17.Qe3 Bf5 18.Re2 Bxh4 19.Rae1 Bd7 20.Bg5 Bxg5 21.Qxg5 f6
22.Qg3 Re8 23.c3 Rxe2 24.Rxe2 h4 25.Qe3 Rh5 26.Ne7 Nxe7 27.Qxe7+ Kg8 28.f4
Rh7 29.Bc2 g6 30.Qxf6 Qd8 31.Qd4 Rg7 0-1

[Event "40th Pan-American U20"]
[Site "El Salvador ESA"]
[Date "2015.07.17"]
[Round "3.15"]
[White "Santos, Oliver"]
[Black "Ulloa, Ruben Guillermo"]
[Result "1-0"]
[WhiteElo "1690"]
[BlackElo "2016"]
[EventDate "2015.07.16"]
[PlyCount "77"]

1.e4 c6 2.d4 d5 3.exd5 cxd5 4.Nf3 Nc6 5.Bf4 Qb6 6.b3 Bg4 7.c3 Nf6 8.h3 Bh5
9.Nbd2 e6 10.Bd3 Ba3 11.Rb1 a5 12.Nf1 Ne4 13.Bd2 O-O 14.N1h2 Bd6 15.O-O 
Qc7 16.Be2 f5 17.c4 dxc4 18.bxc4 Rad8 19.Kh1 Bxh2 20.Nxh2 Bxe2 21.Qxe2 
Nxd4 22.Qe1 Nc2 23.Bxa5 Qxc4 24.Qc1 Rd5 25.Be1 b5 26.Qb2 Nxe1 27.Rfxe1 Rd2
28.Qxb5 Nxf2+ 29.Kg1 Qd4 30.Nf3 Nxh3+ 31.Kh2 Qf4+ 32.Kh1 Rd5 33.Qe2 Qh6 
34.gxh3 Qxh3+ 35.Nh2 Kh8 36.Qxe6 Ra5 37.Rb8 Qa3 38.Qf7 Ra8 39.Rg1 1-0

[Event "40th Pan-American U20"]
[Site "El Salvador ESA"]
[Date "2015.07.17"]
[Round "3.16"]
[White "Hernandez, Diego"]
[Black "Ruballo, Jose"]
[Result "1/2-1/2"]
[WhiteElo "1950"]
[BlackElo "1662"]
[EventDate "2015.07.16"]
[PlyCount "123"]

1.e4 c5 2.Nf3 Nc6 3.d4 cxd4 4.Nxd4 g6 5.Nc3 Bg7 6.Be3 Nf6 7.f3 Qb6 8.Qd2 
Nxe4 9.fxe4 Bxd4 10.Bxd4 Qxd4 11.Qxd4 Nxd4 12.O-O-O Nc6 13.Nd5 O-O 14.Bb5 
Kg7 15.a4 a6 16.Nb6 Rb8 17.Bc4 d6 18.h3 Ne5 19.Bd5 Be6 20.Rd4 Rfd8 21.Rhd1
Nd7 22.Rb4 Nxb6 23.Rxb6 Bxd5 24.exd5 Rd7 25.Rd3 Rc8 26.Rdb3 Rcc7 27.Kd2 e6
28.Rd3 e5 29.b3 f5 30.c4 Kf6 31.Kc3 e4 32.Rd1 Ke5 33.b4 f4 34.Rf1 Re7 35.
b5 axb5 36.axb5 g5 37.Ra1 h5 38.Ra8 f3 39.gxf3 exf3 40.Rf8 Rf7 41.Re8+ 
Rce7 42.Rxb7 Rxe8 43.Rxf7 Ke4 44.b6 g4 45.hxg4 hxg4 46.b7 Rb8 47.Re7+ Kf4 
48.c5 dxc5 49.d6 f2 50.d7 Kg3 51.Rf7 Kg2 52.Kc4 f1=Q+ 53.Rxf1 Kxf1 54.Kxc5
g3 55.Kc6 g2 56.Kc7 g1=Q 57.Kxb8 Qb6 58.Ka8 Qa6+ 59.Kb8 Qd6+ 60.Ka8 Qxd7 
61.b8=Q Qa4+ 62.Qa7 1/2-1/2

[Event "40th Pan-American U20"]
[Site "El Salvador ESA"]
[Date "2015.07.17"]
[Round "3.17"]
[White "Hernandez, Mauricio Daniel"]
[Black "Lemus, Hector"]
[Result "1-0"]
[WhiteElo "1926"]
[BlackElo "1616"]
[EventDate "2015.07.16"]
[PlyCount "95"]

1.e4 e5 2.Nf3 Nf6 3.d3 Nc6 4.Nc3 Bb4 5.Bd2 d5 6.exd5 Nxd5 7.Nxd5 Bxd2+ 8.
Nxd2 Qxd5 9.Qf3 Qxf3 10.Nxf3 Bg4 11.Be2 O-O-O 12.O-O-O Bxf3 13.Bxf3 Nd4 
14.Rde1 Nxf3 15.gxf3 Rhe8 16.Re3 Re6 17.Rhe1 Rde8 18.Kd2 Kd7 19.c3 c5 20.
Rg1 g6 21.Rg4 Kc6 22.b4 b6 23.bxc5 bxc5 24.Ra4 Kb6 25.Re1 R8e7 26.Rb1+ Kc6
27.Ra6+ Kd5 28.c4+ Kd4 29.Rxe6 Rxe6 30.Rb7 Rd6 31.Rxf7 h5 32.Rxa7 e4 33.
fxe4 Ke5 34.Rc7 Kf4 35.Rxc5 Kf3 36.Rg5 Kxf2 37.a4 Kf3 38.a5 Kf4 39.h4 Ra6 
40.Kc3 Re6 41.c5 Rc6 42.Kc4 Re6 43.Kb5 Ke3 44.Rd5 Kf4 45.Rd6 Ke5 46.d4+ 
Kf6 47.Rxe6+ Kxe6 48.a6 1-0

[Event "40th Pan-American U20"]
[Site "El Salvador ESA"]
[Date "2015.07.18"]
[Round "4.1"]
[White "Cori Quispe, Kevin"]
[Black "Lopez Gonzalez, Abel Fabian"]
[Result "1-0"]
[WhiteElo "2369"]
[BlackElo "2251"]
[EventDate "2015.07.16"]
[PlyCount "125"]

1.e4 c5 2.Nf3 d6 3.d4 cxd4 4.Nxd4 Nf6 5.Nc3 a6 6.Bg5 e6 7.Qe2 Be7 8.f4 h6 
9.Bxf6 Bxf6 10.O-O-O Qc7 11.Qd2 Bd7 12.Be2 b5 13.Bf3 Ra7 14.Kb1 O-O 15.g4 
Rc8 16.Nce2 Qd8 17.Rhg1 Rac7 18.c3 Nc6 19.g5 hxg5 20.fxg5 Be5 21.h4 Na5 
22.Bg4 Nc4 23.Qd3 b4 24.cxb4 Bb5 25.Qh3 Nxb2 26.Kxb2 Bxe2 27.Bxe2 Bxd4+ 
28.Rxd4 Rc2+ 29.Kb1 Rxe2 30.Qd3 Qb6 31.Rd1 Qb5 32.a4 Qxd3+ 33.R1xd3 d5 34.
exd5 e5 35.Rg4 e4 36.Rb3 Rd8 37.b5 Rxd5 38.Rg1 axb5 39.axb5 Rd8 40.b6 Red2
41.b7 Rb8 42.Rc1 Rdd8 43.Rc7 Re8 44.Kc2 e3 45.Kd1 e2+ 46.Ke1 Rbd8 47.Rb1 
Kh7 48.Rxf7 Kg6 49.Rf2 Kh5 50.Rxe2 Kxh4 51.Rxe8 Rxe8+ 52.Kf2 Rb8 53.Rb5 g6
54.Kf3 Rf8+ 55.Ke4 Rb8 56.Kd4 Kg4 57.Kc4 Kf4 58.Kb4 Kg4 59.Ka5 Rxb7 60.
Rxb7 Kxg5 61.Kb4 Kf4 62.Kc3 g5 63.Kd2 1-0

[Event "40th Pan-American U20"]
[Site "El Salvador ESA"]
[Date "2015.07.18"]
[Round "4.2"]
[White "Chavez Estevez, Hayler David"]
[Black "Hernandez Sanchez, Jairo Andre"]
[Result "1-0"]
[WhiteElo "2347"]
[BlackElo "2381"]
[EventDate "2015.07.16"]
[PlyCount "91"]

1.e4 c5 2.Ne2 g6 3.g3 Bg7 4.Bg2 Nc6 5.Nbc3 e6 6.d3 Nge7 7.Be3 Nd4 8.Qd2 
O-O 9.Nd1 f5 10.c3 Nxe2 11.Bxc5 d6 12.Be3 Nxc3 13.Nxc3 Bd7 14.O-O Rf7 15.
exf5 Nxf5 16.Bxb7 Rb8 17.Bg2 d5 18.Bxa7 Rc8 19.d4 Qf6 20.Ne2 Bb5 21.Bc5 
Rxc5 22.dxc5 Qxb2 23.Qxb2 Bxb2 24.Nf4 Bxf1 25.Rxf1 Re7 26.Nxe6 Nd4 27.Rb1 
Nxe6 28.Rxb2 Nxc5 29.Bxd5+ Kg7 30.Rb5 Rc7 31.f4 Kf8 32.Kf2 Ke7 33.Ke3 Nd7 
34.a4 Kd6 35.a5 Rc3+ 36.Kd4 Ra3 37.Bb7 Ra4+ 38.Kc3 Ra3+ 39.Kb4 Ra1 40.a6 
Kc7 41.Ra5 Rb1+ 42.Kc3 Nb6 43.Be4 Re1 44.Kd3 Rd1+ 45.Ke2 Rd4 46.Bf3 1-0

[Event "40th Pan-American U20"]
[Site "El Salvador ESA"]
[Date "2015.07.18"]
[Round "4.3"]
[White "Puppi Lazo, Jorge Luis"]
[Black "Tang, Andrew"]
[Result "0-1"]
[WhiteElo "2111"]
[BlackElo "2365"]
[EventDate "2015.07.16"]
[PlyCount "105"]

1.e4 e5 2.Nf3 Nc6 3.d4 exd4 4.Bc4 Nf6 5.e5 d5 6.Bb5 Ne4 7.Nxd4 Bc5 8.Be3 
Bd7 9.Bxc6 bxc6 10.O-O Bb6 11.f3 Ng5 12.f4 Ne4 13.Nc3 Nxc3 14.bxc3 Qe7 15.
Qf3 O-O 16.Qg3 Bxd4 17.cxd4 Bf5 18.Bc1 Qe6 19.Ba3 Rfb8 20.c3 Be4 21.f5 
Bxf5 22.Qg5 Bg6 23.h3 h6 24.Qh4 Rb5 25.Kh2 Rab8 26.Rf2 Rb1 27.Rxb1 Bxb1 
28.Bb4 Be4 29.a4 Kh7 30.a5 a6 31.Qe7 Qxe7 32.Bxe7 Kg6 33.Bb4 Re8 34.Kg3 f6
35.exf6 gxf6 36.Re2 Kf5 37.Rf2+ Ke6 38.Kf4 Rg8 39.g4 f5 40.Ba3 Rg7 41.Bf8 
Rf7 42.gxf5+ Rxf5+ 43.Kg3 Rg5+ 44.Kh2 Rg6 45.Ba3 h5 46.Bc1 Kd7 47.Bf4 c5 
48.Be5 c4 49.Rf7+ Kc6 50.Rf6+ Rxf6 51.Bxf6 Kb5 52.Bd8 Ka4 53.Be7 0-1

[Event "40th Pan-American U20"]
[Site "El Salvador ESA"]
[Date "2015.07.18"]
[Round "4.4"]
[White "Johnson, Joshua"]
[Black "Benedetti, Julio"]
[Result "0-1"]
[WhiteElo "2211"]
[BlackElo "2313"]
[EventDate "2015.07.16"]
[PlyCount "46"]

1.e4 c5 2.Nf3 Nc6 3.d4 cxd4 4.Nxd4 Nf6 5.Nc3 e5 6.Ndb5 d6 7.Bg5 a6 8.Na3 
b5 9.Nd5 Be7 10.Bxf6 Bxf6 11.c4 Rb8 12.cxb5 Nd4 13.b6 O-O 14.Nc4 Be6 15.
Bd3 Bg5 16.a4 f5 17.a5 Rc8 18.Na3 fxe4 19.Bxe4 Rc5 20.Nc3 Nb3 21.Bc2 Bd2+ 
22.Ke2 Qh4 23.Bxb3 Rxf2+ 0-1

[Event "40th Pan-American U20"]
[Site "El Salvador ESA"]
[Date "2015.07.18"]
[Round "4.5"]
[White "Escalante Ramirez, Brian Sebas"]
[Black "Carrera Gonzalez, Enmanuel"]
[Result "0-1"]
[WhiteElo "2389"]
[BlackElo "2171"]
[EventDate "2015.07.16"]
[PlyCount "104"]

1.e4 c5 2.Nf3 e6 3.Qe2 Nc6 4.g3 g6 5.Bg2 Bg7 6.c3 Nge7 7.Na3 d5 8.d3 a6 9.
O-O O-O 10.e5 b5 11.Nc2 a5 12.a3 Bb7 13.Bg5 Qc7 14.Rfe1 b4 15.axb4 axb4 
16.cxb4 cxb4 17.Rac1 Qb6 18.Be3 Qb5 19.Nfd4 Qa5 20.Nb3 Qb5 21.Qd2 Bxe5 22.
d4 Bg7 23.Nc5 Rfd8 24.Bf1 Qb6 25.Bg5 b3 26.Bxe7 Nxe7 27.Na1 Nf5 28.Naxb3 
Ra2 29.Rc2 Bc6 30.g4 Nd6 31.Nc1 Ra7 32.Qg5 Bxd4 33.Nxe6 Bxf2+ 34.Rxf2 fxe6
35.Rxe6 Rf7 36.Qe3 d4 37.Qb3 Qxb3 38.Nxb3 Rxf2 39.Kxf2 Bd5 40.Nxd4 Bxe6 
41.Nxe6 Rb8 42.Bg2 Rxb2+ 43.Kg3 Kf7 44.Nf4 Kf6 45.h4 Rb3+ 46.Bf3 Ke5 47.
Ne2 Nb5 48.g5 Nd6 49.Kf2 Nf5 50.h5 Nd4 51.Nxd4 Kxd4 52.hxg6 hxg6 0-1

[Event "40th Pan-American U20"]
[Site "El Salvador ESA"]
[Date "2015.07.18"]
[Round "4.6"]
[White "Lopez Raygoza, Luis Albert"]
[Black "Arias, Daniel"]
[Result "1/2-1/2"]
[WhiteElo "2138"]
[BlackElo "2242"]
[EventDate "2015.07.16"]
[PlyCount "63"]

1.e4 c5 2.Nf3 d6 3.Bb5+ Nd7 4.d4 a6 5.Bxd7+ Bxd7 6.O-O cxd4 7.Qxd4 e5 8.
Qd3 h6 9.c4 Nf6 10.Nc3 Be7 11.Rd1 Qc7 12.b3 Be6 13.a4 O-O 14.Nd2 Nh5 15.
Nf1 Qa5 16.Qf3 Nf6 17.Nd5 Nxd5 18.cxd5 Bd7 19.Bd2 Qd8 20.Ng3 Bg5 21.Rac1 
Rc8 22.Qd3 Bxd2 23.Qxd2 Qb6 24.Qd3 Rc5 25.h3 Rfc8 26.Rxc5 Rxc5 27.Ne2 Qc7 
28.Qe3 b5 29.axb5 Bxb5 30.Rc1 Bxe2 31.Rxc5 Qxc5 32.Qxe2 1/2-1/2

[Event "40th Pan-American U20"]
[Site "El Salvador ESA"]
[Date "2015.07.18"]
[Round "4.7"]
[White "Husbands, Orlando"]
[Black "Hernandez, Mauricio Daniel"]
[Result "0-1"]
[WhiteElo "2234"]
[BlackElo "1926"]
[EventDate "2015.07.16"]
[PlyCount "62"]

1.e4 e5 2.Nf3 Nc6 3.d4 exd4 4.Nxd4 Bc5 5.Be3 Qf6 6.c3 Nge7 7.Bc4 Qg6 8.O-O
O-O 9.Nd2 Kh8 10.f4 f5 11.e5 d6 12.Kh1 dxe5 13.fxe5 Nxe5 14.Nxf5 Bxf5 15.
Bxc5 Nxc4 16.Nxc4 Rfd8 17.Qf3 Be4 18.Qf2 Nc6 19.Ne3 h6 20.Rad1 Ne5 21.Qh4 
Rxd1 22.Rxd1 Nd3 23.Ba3 Re8 24.Rf1 c5 25.h3 Bc6 26.Ng4 Re2 27.Rg1 Nf4 28.
Qd8+ Kh7 29.Qd1 Nxg2 30.Kh2 Qe4 31.Qd6 Nh4+ 0-1